000 00839nam a22002537a 4500
005 20251108170837.0
008 250721s9999 xx 000 0 ara d
082 1 4 _aط/925.10956/لجن
245 1 0 _aعباقرة العلم عند العرب /
264 1 _aبيروت :
_bدار الشرق العربي،
_c[19-].
300 _a107ص.
490 0 _aسلسلة عباقرة العلم
650 1 7 _aالعلوم الطبيعة
650 1 7 _aالتاريخ الأسلامي
650 1 7 _aالتراجم
650 1 7 _aالشخصيات
650 1 7 _aالخوارزمي
650 1 7 _aابن سينا
650 1 7 _aالتباني البيروني
653 _aناشئون صغار (10-14)سنة
710 2 _aلجنة التأليف والترجمة بدار الشرق العربي
942 _2ddc
_cBK
999 _c50343
_d50343